000 00991nam a22003137a 4500
001 BR7375331
003 BR-BrBNA
005 20230928084418.0
007 ta
008 230509b bl.||||| |||| 00| 0 por d
040 _aBR-BrBNA
_bpor
_cBiblioteca Nacional de Agricultura
041 _a(Por)
072 _aE10; E70
_b/G514
090 _ E10 BR7375331
110 1 _aAssociacao Brasileira de Credito e Assistencia Rural, Rio de Janeiro, GB
_9224
245 1 _aDiretrizes da politica agropecuaria, programa de governo, bases [Preco minimo; Credito; Mercado; Seguro Agricola; assistencia tecnica; Colonizacao; Cooperativa; Brasil]
260 3 _aRio de Janeiro, GB (Brasil):
_c1961.
300 _a25 p.
650 _aMacroeconomia
650 _aComercializacao
650 _aPreco minimo
650 _aCredito
650 _aMercado
650 _aAssistencia tecnica
650 _aColonizacao
650 _aCooperativa
909 _a202309
_bLucia
_c55
_dLucia Elande
942 _cBK
999 _c18778
_d18778